| 000 | 01702nam a2200409Ia 4500 | ||
|---|---|---|---|
| 001 | ebr10575800 | ||
| 003 | CaPaEBR | ||
| 006 | m u | ||
| 007 | cr cn||||||||| | ||
| 008 | 070328s2008 nyua sb s001 0 eng d | ||
| 010 | _z 2007013155 | ||
| 020 | _z0791472973 (hardcover : alk. paper) | ||
| 020 | _z9780791472972 (hardcover : alk. paper) | ||
| 020 | _z9780791479063 | ||
| 040 |
_aCaPaEBR _cCaPaEBR |
||
| 035 | _a(OCoLC)220140242 | ||
| 050 | 1 | 4 |
_aHQ1426 _b.S44 2008eb |
| 082 | 0 | 4 |
_a305.235/201 _222 |
| 100 | 1 | _aSheridan-Rabideau, Mary P. | |
| 245 | 1 | 0 |
_aGirls, feminism, and grassroots literacies _h[electronic resource] : _bactivism in the GirlZone / _cMary P. Sheridan-Rabideau. |
| 260 |
_aAlbany : _bState University of New York Press, _cc2008. |
||
| 300 |
_axii, 204 p. : _bill. |
||
| 490 | 1 | _aSUNY series in feminist criticism and theory | |
| 504 | _aIncludes bibliographical references (p. 183-196) and index. | ||
| 533 |
_aElectronic reproduction. _bPalo Alto, Calif. : _cebrary, _d2013. _nAvailable via World Wide Web. _nAccess may be limited to ebrary affiliated libraries. |
||
| 610 | 2 | 0 | _aGirlZone (Organization) |
| 650 | 0 |
_aFeminist theory _zUnited States. |
|
| 650 | 0 |
_aWomen's rights _zUnited States. |
|
| 650 | 0 |
_aTeenage girls _zUnited States. |
|
| 650 | 0 |
_aYoung women _zUnited States. |
|
| 650 | 0 |
_aFeminism _zUnited States. |
|
| 650 | 0 |
_aWomen in community organization _zUnited States. |
|
| 655 | 7 |
_aElectronic books. _2local |
|
| 710 | 2 | _aebrary, Inc. | |
| 830 | 0 | _aSUNY series in feminist criticism and theory. | |
| 856 | 4 | 0 |
_uhttp://site.ebrary.com/lib/rucke/Doc?id=10575800 _zAn electronic book accessible through the World Wide Web; click to view |
| 999 |
_c181854 _d181854 |
||